Hillingdon LBC v ARC Ltd (Record no. 50295)

MARC details
000 -LEADER
fixed length control field 01273cab a2200253 4500
001 - CONTROL NUMBER
control field ABS57270
008 - FIXED-LENGTH DATA ELEMENTS--GENERAL INFORMATION
fixed length control field 090401t1997 xxu||||| |||| 00| 0 eng d
035 ## - SYSTEM CONTROL NUMBER
System control number (Sirsi) u79916
041 ## - LANGUAGE CODE
Language code of text/sound track or separate title eng
245 ## - TITLE STATEMENT
Title Hillingdon LBC v ARC Ltd
260 ## - PUBLICATION, DISTRIBUTION, ETC.
Date of publication, distribution, etc. 1997
350 ## - PRICE (NR) (BK AM CF MU VM SE) [OBSOLETE]
Price 0
490 ## - SERIES STATEMENT
Series statement Estates Gazette
Volume/sequential designation [1997] 29 EG 125-132(8)
520 ## - SUMMARY, ETC.
Summary, etc. ChD 12 June 1997. In December 1980 H made a compulsory purchase order on land to which A held a lease. In April 1982 H served notice to treat and intention to enter, subsequently taking possession. In response A served a notice of claim. The claim in response to works carried out by H was received in January 1992 and rejected. In October 1993 a further claim was turned down. In September 1995 A made reference to the LT who declined jurisdiction to decide whether the claim was statute-barred by the Limitation Act 1980 s9. "Held" limitation period expired.
650 ## - SUBJECT ADDED ENTRY--TOPICAL TERM
Topical term or geographic name entry element COMPULSORY PURCHASE ACT 1965 S11
650 ## - SUBJECT ADDED ENTRY--TOPICAL TERM
Topical term or geographic name entry element HILLINGDON LBC V ARC LTD
650 ## - SUBJECT ADDED ENTRY--TOPICAL TERM
Topical term or geographic name entry element LIMITATION ACT 1980 S9
650 ## - SUBJECT ADDED ENTRY--TOPICAL TERM
Topical term or geographic name entry element LIMITATION PERIOD
650 ## - SUBJECT ADDED ENTRY--TOPICAL TERM
Topical term or geographic name entry element POSSESSION
650 ## - SUBJECT ADDED ENTRY--TOPICAL TERM
Topical term or geographic name entry element STATUTE BARRED
690 ## - LOCAL SUBJECT ADDED ENTRY--TOPICAL TERM (OCLC, RLIN)
Topical term or geographic name as entry element ENVIRONMENTAL AND LAND CONSULTANCY-PLANNING AND DEVELOPMENT-COMPULSORY PURCHASE AND COMPENSATION
942 ## - ADDED ENTRY ELEMENTS (KOHA)
Suppress in OPAC 0
948 ## - LOCAL PROCESSING INFORMATION (OCLC); SERIES PART DESIGNATOR (RLIN)
c (OCLC) 25/07/1997
Holdings
Withdrawn status Lost status Source of classification or shelving scheme Damaged status Not for loan Home library Current library Shelving location Date acquired Total Checkouts Full call number Barcode Date last seen Copy number Price effective from Koha item type
    Dewey Decimal Classification     London London Journal article 14/09/1999   ABS57270 79916-1001 06/08/2019 1 06/08/2019 Law report